000 00782nam a22002412 4500
001 0000004753
005 20151217151940.0
008 070529s xx 000 0 eng d
020 _a0916468577 :
_cGBP 8.00
040 _aKABU
_cKABU
050 0 _aSB745
_b.P67
100 1 _aPostel, Sandra.
_@0000155521
245 1 0 _aAir pollution, acid rain and the future of forests.
260 _aWashington, DC :
_bWorldwatch,
_c1984.
300 _a54 p.
650 0 _aTrees
_xEffect of air pollution on.
_@0000155522
650 0 _aTrees
_xEffect of acid precipitation.
_@0000155523
908 _a070529
950 _@1
999 _c6638
_d6638